000 00733nam a2200217Ia 4500
001 3269
003 GE_BSU
008 181216s||||||||xx |||||||||||||| ||und||
040 _cGE_BSU
080 _a622.691/2.004(075.8)
100 _aЕдигаров,С.Г. Бобровский,С.А.
245 _aПроектирование и экспулуатация нефтебаз и газохранилищ.
245 _bУчебник.
245 _cРед.из-ва К.П.Святитская.
260 _aМ.
260 _bНедра.
260 _c1973.
300 _a368 стр. 25 см.
653 _aПроектирование и экспулуатация нефтебаз и газохранилищ.
942 _cBK
999 _c37310
_d37310